000
00286nam a22001097a 4500
008
170112b xxu||||| |||| 00| 0 eng d
020
_a
9780323039031
041
_a
eng
080
_2
3RD
_a
618.2
245
_a
MOSBY'S MANUAL OF DIAGNOSTIC AND LABORATORY TESTS
_c
PAGANA, K.D
942
_2
udc
_c
BK
999
_c
2738
_d
2738